Thí nghiệm động cơ đốt trong

保存先:
書誌詳細
第一著者: Văn, Thị Bông
フォーマット: 図書
言語:Undetermined
出版事項: Thành phố Hồ Chí Minh Đại học Quốc gia Thành phố Hồ Chí Minh 2005
主題:
タグ: タグ追加
タグなし, このレコードへの初めてのタグを付けませんか!
Thư viện lưu trữ: Trung tâm Học liệu Trường Đại học Cần Thơ
LEADER 00597nam a2200193Ia 4500
001 CTU_101554
008 210402s9999 xx 000 0 und d
020 |c 11500 
082 |a 621.43 
082 |b B455 
100 |a Văn, Thị Bông 
245 0 |a Thí nghiệm động cơ đốt trong 
245 0 |c Văn Thị Bông 
260 |a Thành phố Hồ Chí Minh 
260 |b Đại học Quốc gia Thành phố Hồ Chí Minh 
260 |c 2005 
650 |a internal combustion engines 
904 |i Minh 
980 |a Trung tâm Học liệu Trường Đại học Cần Thơ